[Event "HET 2003"]
[Site "?"]
[Date "2003.11.08"]
[Round "4.12"]
[White "Broschk, Matthias"]
[Black "Knops, Peter"]
[Result "1/2-1/2"]
[WhiteElo "1735"]
[BlackElo "1878"]
[PlyCount "43"]
[EventDate "2003.??.??"]

1. e4 c5 2. Nf3 d6 3. d4 cxd4 4. Nxd4 Nf6 5. Nc3 g6 6. Be3 Bg7 7. f3 Nc6 8. Qd2
O-O 9. O-O-O d5 10. Kb1 Nxd4 11. Bxd4 dxe4 12. Bxf6 Qxd2 13. Rxd2 exf6 14. Nxe4
f5 15. Nc5 b6 16. Na6 Be6 17. Bb5 Rad8 18. Rhd1 Rxd2 19. Rxd2 Rc8 20. f4 Bf6
21. c3 Rd8 22. Rxd8+ {(=)} 1/2-1/2

[Event "HET 2003"]
[Site "?"]
[Date "2003.11.08"]
[Round "4.15"]
[White "Biermann, Helge"]
[Black "Hoffmann, Boris"]
[Result "1/2-1/2"]
[WhiteElo "1727"]
[BlackElo "1529"]
[PlyCount "85"]

1. c4 f5 2. Nc3 Nf6 3. d4 e6 4. Nf3 c6 5. Bg5 d5 6. e3 Bd6 7. Ne5 Nbd7 8. f4
O-O 9. c5 Be7 10. b4 Nxe5 11. fxe5 Ne4 12. Bxe7 Qxe7 13. Nxe4 fxe4 14. Qg4 Qf7
15. Qg3 Bd7 16. Be2 a5 17. Rf1 Qe8 18. bxa5 Rxa5 19. Rxf8+ Qxf8 20. a4 Qf5 21.
Bg4 Qg6 22. Qh4 Qe8 23. Ra2 Ra8 24. Bd1 Qd8 25. Qxd8+ Rxd8 26. Rb2 Bc8 27. a5
Kf8 28. Be2 Ke7 29. Rb6 Kd7 30. Bd1 Kc7 31. Ba4 Bd7 32. Kf2 Ra8 33. a6 Rxa6 34.
Rxa6 bxa6 35. Kg3 Kd8 36. Kg4 Ke7 37. Kg5 Be8 38. g4 h6+ 39. Kf4 g5+ 40. Kg3
Kf7 41. Kf2 Ke7 42. Ke1 Kd7 43. Kd2 {(=)} 1/2-1/2

[Event "HET 2003"]
[Site "?"]
[Date "2003.11.08"]
[Round "4.17"]
[White "Raedisch, Peter"]
[Black "Jaeger, Julian"]
[Result "1-0"]
[WhiteElo "1708"]
[BlackElo "1264"]
[PlyCount "56"]
[EventDate "2003.??.??"]

1. e4 e5 2. Nf3 Nc6 3. Bc4 Bc5 4. c3 Nf6 5. d4 exd4 6. e5 d5 7. Bb5 Ne4 8.
Bxc6+ bxc6 9. Qa4 Bd7 10. cxd4 Bb6 11. Qa3 c5 12. Nc3 cxd4 13. Nxd5 Bg4 14.
Nxb6 axb6 15. Qd3 Bxf3 16. Qxf3 Nc5 17. Qc6+ Nd7 18. Bg5 Qxg5 19. Qxa8+ Qd8 20.
Qc6 O-O 21. f4 f6 22. e6 Nc5 23. O-O Qe7 24. f5 g6 25. g4 gxf5 26. gxf5 Qg7+
27. Kh1 Nd3 28. Qb5 Ne5 1-0

[Event "HET 2003"]
[Site "HET 2003"]
[Date "2003.11.09"]
[Round "5.2"]
[White "Klarner, William R"]
[Black "Gollasch, Theo-Heinz"]
[Result "1/2-1/2"]
[WhiteElo "2144"]
[BlackElo "2149"]
[PlyCount "114"]
[EventDate "2003.??.??"]

1. e4 d5 2. exd5 Qxd5 3. Nc3 Qa5 4. d4 Nf6 5. Nf3 Bf5 6. Bc4 e6 7. O-O c6 8.
Bd2 Qd8 9. h3 Be7 10. Be3 Nd5 11. Qe2 Nxc3 12. bxc3 Nd7 13. Bb3 O-O 14. c4 Bf6
15. Rad1 Qc7 16. Rfe1 Rfe8 17. Bg5 Bxg5 18. Nxg5 h6 19. Nf3 Nf6 20. Ne5 Nd7 21.
g4 Nxe5 22. dxe5 Bg6 23. c5 Qe7 24. Qe3 Rab8 25. Rd6 Rec8 26. f4 Kh8 27. Rf1 b6
28. f5 exf5 29. gxf5 Bh7 30. f6 gxf6 31. Rfxf6 Rg8+ 32. Kf1 Rg5 33. Rxf7 Rf8
34. Rdf6 Rxf7 35. Rxf7 Qxe5 36. Qxe5+ Rxe5 37. cxb6 axb6 38. Rf6 Rf5+ 39. Rxf5
Bxf5 40. Kg2 Kg7 41. Kg3 Kf6 42. h4 Ke5 43. Kf3 Kd4 44. Ke2 Kc3 45. Kd1 b5 46.
a4 Bg4+ 47. Ke1 b4 48. a5 Bc8 49. Ba4 c5 50. Kd1 Ba6 51. Kc1 Bb7 52. Bb5 c4 53.
a6 Be4 54. Ba4 Ba8 55. Bd7 b3 56. Bf5 b2+ 57. Kb1 Bc6 {(=)} 1/2-1/2

[Event "HET 2003"]
[Site "HET 2003"]
[Date "2003.11.09"]
[Round "5.3"]
[White "Urban, Ralf-Dieter"]
[Black "Maahs, Erich"]
[Result "1-0"]
[WhiteElo "1992"]
[BlackElo "2187"]
[PlyCount "93"]
[EventDate "2003.??.??"]

1. e4 d5 2. exd5 Nf6 3. d4 Nxd5 4. Nf3 Bg4 5. Be2 e6 6. O-O Be7 7. c4 Nb6 8.
Nc3 O-O 9. Be3 Nc6 10. Qd2 Bxf3 11. gxf3 f5 12. f4 Bf6 13. Rfd1 Qe7 14. c5 Nd5
15. Nxd5 exd5 16. Bf3 Qd7 17. b4 Nd8 18. a4 a6 19. b5 axb5 20. axb5 Rxa1 21.
Rxa1 c6 22. Ra7 g6 23. Qa2 Kh8 24. Qb3 Qc8 25. Qa4 Ne6 26. bxc6 bxc6 27. Ra6
Nd8 28. Rb6 g5 29. fxg5 Bxg5 30. Bxg5 Rg8 31. h4 h6 32. Bxd5 Rg6 33. Qb3 hxg5
34. h5 Rf6 35. Qe3 Qd7 36. Qxg5 Qg7 37. f4 Ne6 38. Bxe6 Rxe6 39. Qxg7+ Kxg7 40.
d5 Re1+ 41. Kf2 Re4 42. dxc6 Rxf4+ 43. Kg3 Rc4 44. Rb5 Kf6 45. c7 Rg4+ 46. Kf3
Rg8 47. Rb8 1-0

[Event "HET 2003"]
[Site "HET 2003"]
[Date "2003.11.09"]
[Round "5.4"]
[White "Bohn, Christoph"]
[Black "Heroiu, Alexandru"]
[Result "0-1"]
[WhiteElo "1947"]
[BlackElo "2039"]
[PlyCount "72"]
[EventDate "2003.??.??"]

1. c4 g6 2. Nc3 Nc6 3. g3 e5 4. Bg2 d6 5. e3 Bg7 6. Nge2 Be6 7. d3 Qd7 8. Rb1
a5 9. O-O Bh3 10. Nd5 Bxg2 11. Kxg2 h5 12. h4 Nf6 13. Nec3 O-O 14. e4 Nd4 15.
Nxf6+ Bxf6 16. Nd5 Bd8 17. Bh6 Re8 18. f4 (18. Be3) 18... c6 19. Qa4 b5 20.
cxb5 cxd5 21. fxe5 dxe5 22. Rf2 dxe4 23. dxe4 Qg4 24. Qc4 Qxe4+ 25. Kh3 Qg4+
26. Kg2 Nf5 27. Qxg4 hxg4 28. Bd2 Bb6 29. Rff1 Rad8 30. Rbd1 Rd3 31. Bg5 Rxg3+
32. Kh2 Rh3+ 33. Kg2 f6 34. Rxf5 gxf5 35. Bxf6 Kf7 36. Bg5 f4 0-1

[Event "HET 2003"]
[Site "HET 2003"]
[Date "2003.11.09"]
[Round "5.5"]
[White "Parindra, Amran Mojo Pahit"]
[Black "Homm, Marc-Michael"]
[Result "1/2-1/2"]
[WhiteElo "1995"]
[BlackElo "1912"]
[PlyCount "102"]
[EventDate "2003.??.??"]

1. Nf3 Nf6 2. d4 g6 3. c4 Bg7 4. Nc3 d5 5. cxd5 Nxd5 6. e4 Nxc3 7. bxc3 c5 8.
Bc4 Nc6 9. Be3 O-O 10. h3 cxd4 11. cxd4 Qa5+ 12. Bd2 Qa3 13. O-O Nxd4 14. Nxd4
Bxd4 15. Rb1 Qg3 16. Rb3 Qe5 17. Re1 Qc5 18. Qc2 Bxf2+ 19. Kh1 Be6 20. Rc1 Rac8
21. Rc3 Bxc4 22. Rxc4 Qxc4 23. Qxc4 Rxc4 24. Rxc4 Bg3 25. Kg1 Rd8 26. Rc2 f6
27. Kf1 Kf7 28. Ke2 h5 29. Be3 a6 30. a4 b5 31. a5 Be5 32. Rc6 Rd6 33. Rc8 Bd4
34. Bd2 f5 35. exf5 gxf5 36. Kf3 e5 37. Bb4 Re6 38. Rf8+ Kg6 39. Rg8+ Kf6 40.
Rf8+ Kg5 41. h4+ Kg6 42. Rg8+ Kf6 43. Rf8+ Kg7 44. Rxf5 Rf6 45. Ke4 Rxf5 46.
Kxf5 Kh6 47. Bd2+ Kg7 48. Kg5 e4 49. Kxh5 e3 50. Be1 e2 51. Kg4 b4 1/2-1/2

[Event "HET 2003"]
[Site "?"]
[Date "2003.11.09"]
[Round "5.6"]
[White "Milajev, Mihail"]
[Black "Schirmer, Werner"]
[Result "0-1"]
[WhiteElo "2155"]
[BlackElo "2031"]
[PlyCount "80"]
[EventDate "2003.??.??"]

1. e4 c5 2. Nf3 Nc6 3. Nc3 g6 4. Bc4 Bg7 5. d3 e6 6. O-O Nge7 7. Bf4 O-O 8. Bd6
b6 9. Nb5 Bb7 10. Qc1 Rc8 11. Qf4 a6 12. Bxe7 Nxe7 13. Nd6 Qc7 14. Qg3 Rcd8 15.
c3 b5 16. Bb3 Bc6 17. Nf5 d6 18. Nxg7 Kxg7 19. Ng5 Bd7 20. a4 h6 21. Nf3 c4 22.
Bc2 cxd3 23. Bxd3 bxa4 24. Rfd1 Qb6 25. Rd2 Bb5 26. Bc2 d5 27. exd5 Rxd5 28.
Rxd5 Nxd5 29. Ne5 Ne7 30. c4 Bc6 31. Qc3 f6 32. Nxc6 Nxc6 33. Rxa4 Rb8 34. Qd3
Ne5 35. Qe4 Qxb2 36. f4 Qc1+ 37. Kf2 Rb2 38. fxe5 Rxc2+ 39. Kg3 Rc3+ 40. Kf2
Qd2+ 0-1

[Event "HET 2003"]
[Site "HET 2003"]
[Date "2003.11.09"]
[Round "5.7"]
[White "Emami, Madjid"]
[Black "Schroeder, Gerhard"]
[Result "0-1"]
[WhiteElo "2087"]
[BlackElo "2036"]
[PlyCount "48"]
[EventDate "2003.??.??"]

1. Nf3 b5 2. e3 a6 3. d4 Bb7 4. Nbd2 f5 5. Bd3 e6 6. b3 Nf6 7. Bb2 Be7 8. O-O
O-O 9. c4 b4 10. Rc1 c5 11. Qc2 Qe8 12. e4 fxe4 13. Nxe4 Qh5 14. Rce1 cxd4 15.
Bxd4 (15. Ng3 Qg4) 15... Nc6 16. Bb2 Ng4 17. Ng3 Qh6 18. h3 Rxf3 19. gxf3 Qxh3
20. Bxh7+ Kh8 21. fxg4 Nd4 22. Be4 Nf3+ 23. Bxf3 Bxf3 24. Bxg7+ Kg8 0-1

[Event "HET 2003"]
[Site "HET 2003"]
[Date "2003.11.09"]
[Round "5.5"]
[White "Sellack, Helmut"]
[Black "Ristic, Sreten"]
[Result "0-1"]
[WhiteElo "1884"]
[BlackElo "1936"]
[PlyCount "210"]
[EventDate "2003.??.??"]

1. e4 c5 2. Nc3 e6 3. g3 d6 4. Bg2 Bd7 5. d3 Bc6 6. f4 Nd7 7. Nf3 Ngf6 8. h3
Be7 9. O-O Qc7 10. Ne2 e5 11. c4 Nf8 12. Nc3 Ne6 13. Nd5 Bxd5 14. exd5 Nf8 15.
fxe5 dxe5 16. Re1 N6d7 17. Bd2 Ng6 18. Rb1 a5 19. Bc3 Bd6 20. Ng5 O-O 21. Qh5
Nf6 22. Qe2 Rae8 23. Ne4 Nxe4 24. dxe4 b6 25. Rf1 Qd7 26. b3 f5 27. Qh5 f4 28.
Be1 Rf6 29. Bf3 fxg3 30. Bxg3 Re7 31. Bg4 Qe8 32. Rxf6 gxf6 33. Be6+ Kh8 34.
Kh2 Rg7 35. Qf5 Qf8 36. Rf1 Be7 37. Kh1 Qb8 38. a4 Qd6 39. Qh5 Qd8 40. Bg4 Rg8
41. Qf5 Qf8 42. Rd1 Qh6 43. d6 Bd8 44. Qf2 Qg5 45. Be6 Rg7 46. Rg1 h5 47. Qf5
Nf4 48. Qxg5 fxg5 49. Bf5 Rg8 50. Rd1 Rf8 51. Rd2 Kg7 52. Kh2 Kf6 53. h4 g4 54.
Kg1 Kf7 55. Kf2 Bf6 56. Ke3 Bg7 57. d7 Ke7 58. Rd1 Bh6 59. Kf2 Rd8 60. Kf1 Bg7
61. Bf2 Bf6 62. Rd2 Ne6 63. Bg6 Ng7 64. Be3 Bxh4 65. Bh6 Ne6 66. Bxh5 Rh8 67.
Bxg4 Rxh6 68. Bxe6 Kxe6 69. d8=Q Bxd8 70. Rxd8 Rh3 71. Re8+ Kf6 72. Rf8+ Ke7
73. Rf5 Ke6 74. Kf2 Rxb3 75. Rh5 Kd6 76. Rh6+ Kd7 77. Ke2 Rc3 78. Rxb6 Rxc4 79.
Rb5 Rxe4+ 80. Kd3 Rd4+ 81. Ke3 Kc6 82. Rxa5 Rb4 83. Ra6+ Kb7 84. Ra5 Kc6 85.
Ra8 Kd5 86. Rd8+ Kc4 87. a5 Ra4 88. Re8 Kd5 89. Rd8+ Kc6 90. Ra8 Kb5 91. Re8 e4
92. Ra8 Rxa5 93. Rb8+ Kc4 94. Kxe4 Ra7 95. Ke3 Rd7 96. Ke2 Kc3 97. Ke1 c4 98.
Ke2 Kc2 99. Ke3 Rd3+ 100. Ke4 c3 101. Rb5 Rd7 102. Ke3 Re7+ 103. Kd4 Kd2 104.
Rh5 c2 105. Rh2+ Re2 0-1

[Event "HET 2003"]
[Site "HET 2003"]
[Date "2003.11.09"]
[Round "5.9"]
[White "Schulz, Hans-Juergen"]
[Black "Broschk, Matthias"]
[Result "1/2-1/2"]
[WhiteElo "2093"]
[BlackElo "1735"]
[PlyCount "76"]
[EventDate "2003.??.??"]

1. e4 c5 2. d4 cxd4 3. c3 dxc3 4. Nxc3 Nc6 5. Nf3 g6 6. Bc4 Bg7 7. Bg5 Qa5 8.
Qb3 e6 9. O-O a6 10. a3 Nge7 11. Rfe1 Nd4 12. Nxd4 Qxg5 13. Nf3 Qa5 14. Rad1 b5
15. Bf1 Bb7 16. e5 Rd8 17. Ne4 Bxe4 18. Rxe4 Nf5 19. a4 d5 20. exd6 Nxd6 21.
Rxe6+ fxe6 22. Qxe6+ Kf8 23. Rxd6 Rxd6 24. Qxd6+ Ke8 25. Ne5 Qd8 26. Qxd8+ Kxd8
27. Nf7+ Ke7 28. Nxh8 Bxh8 29. axb5 axb5 30. Bxb5 Bxb2 {(=)} 31. Kf1 Kf6 32.
Ke2 h6 33. Kf3 Be5 34. Bd3 h5 35. h3 Bb8 36. Ke4 h4 37. f4 g5 38. f5 Bh2 {(=)}
1/2-1/2

[Event "HET 2003"]
[Site "HET 2003"]
[Date "2003.11.09"]
[Round "5.10"]
[White "Holzweissig, Hans-Joachim"]
[Black "Krupa, Boguslaw"]
[Result "1-0"]
[WhiteElo "1773"]
[BlackElo "1906"]
[PlyCount "97"]
[EventDate "2003.??.??"]

1. Nf3 f5 2. g3 Nf6 3. Bg2 d6 4. d4 Nbd7 5. O-O e5 6. dxe5 dxe5 7. Ng5 Bd6 8.
Nc3 h6 9. Nf3 O-O 10. Nh4 Nb6 11. e4 fxe4 12. Nxe4 Nxe4 13. Bxe4 Qf6 14. Qd3
Be6 15. b3 Rad8 16. Bh7+ Kf7 17. Bg6+ Ke7 18. Be4 Rf7 19. Be3 Bh3 20. Rfd1 Kf8
21. c4 Be7 22. Qc2 g5 23. Ng6+ Kg7 24. Nxe7 Qxe7 25. Rxd8 Qxd8 26. Rd1 Qf6 27.
c5 Nd7 28. c6 bxc6 29. Qxc6 Nb6 30. Qxf6+ Kxf6 31. Bg2 Bg4 32. Rd2 Rd7 33. Rxd7
Bxd7 34. Kf1 h5 35. h4 g4 36. Ke1 Kf5 37. Kd2 e4 38. Bf1 a5 39. Bc4 Be6 40.
Bxe6+ Kxe6 41. Kc3 Kd5 42. a3 Nd7 43. b4 axb4+ 44. Kxb4 Ne5 45. a4 c5+ 46. Kb5
c4 47. a5 c3 48. a6 c2 49. a7 1-0

[Event "HET 2003"]
[Site "HET 2003"]
[Date "2003.11.09"]
[Round "5.13"]
[White "Su, Viktor"]
[Black "Raedisch, Peter"]
[Result "0-1"]
[WhiteElo "1874"]
[BlackElo "1708"]
[PlyCount "105"]
[EventDate "2003.??.??"]

1. e4 e5 2. Nf3 Nc6 3. Bb5 Bc5 4. c3 Qe7 5. O-O a6 6. Ba4 Nf6 7. d4 exd4 8.
cxd4 Ba7 9. Bg5 h6 10. Bh4 g5 11. Bg3 b5 12. Bc2 d6 13. e5 dxe5 14. d5 Nd4 15.
Nxe5 Qc5 16. Bb3 Bf5 17. Re1 O-O 18. Nd2 Rfd8 19. Rc1 Qb6 20. Nc6 Rd7 21. Ne7+
Kg7 22. Nxf5+ Nxf5 23. Rc6 Qd4 24. Be5 Qxf2+ 25. Kh1 Ne3 26. Rxe3 Qxe3 27.
Bxf6+ Kg8 28. Rc3 Qb6 29. Ne4 Re8 30. Rh3 Rxe4 31. Rxh6 Rh4 32. Rxh4 Qxf6 33.
Rh3 c6 34. Qd3 Qg7 35. Qe4 Rd8 36. dxc6 Bb6 37. Rg3 Qd4 38. Qg4 Qg7 39. Qf5 Re8
40. Qf1 Re7 41. Qc1 Kf8 42. Rf3 Qe5 43. Rf1 Qc7 44. Rf5 Be3 45. Bxf7 Bf4 46.
Be6+ Kg7 47. Bd7 Qa5 48. b4 Qxb4 49. Qg1 Kg8 50. Rxf4 gxf4 51. h4 Re1 52. Kh2
Rxg1 53. Kxg1 0-1

[Event "HET 2003"]
[Site "?"]
[Date "2003.11.09"]
[Round "5.14"]
[White "Harms, Peter"]
[Black "Becker-Bertau, Friedrich"]
[Result "0-1"]
[WhiteElo "1504"]
[BlackElo "1827"]
[Annotator "Becker-Bertau;Fritz7"]
[PlyCount "104"]
[EventDate "2003.??.??"]

1. Nf3 Nf6 2. c4 e6 3. d3 b6 4. g3 Bb7 5. Bg2 Be7 6. O-O O-O 7. Nc3 c5 8. Bf4
d6 9. a3 Nh5 10. Bd2 f5 11. h4 h6 12. Qc1 Kh7 13. b4 Nd7 14. b5 Qc7 15. Qc2 e5
16. Nd5 Bxd5 17. cxd5 Ndf6 18. Nh2 Qd7 19. Bf3 Qxb5 20. g4 Nxg4 21. Nxg4 fxg4
22. Bxg4 Qe8 23. d4+ Kh8 24. dxe5 dxe5 25. Bf5 Nf4 26. Bxf4 exf4 27. Bg6 Qd7
28. Qe4 Qg4+ 29. Qg2 Qxh4 30. Rad1 Bd6 31. f3 Rad8 32. Qh2 Qf6 33. Be4 c4 34.
a4 c3 35. Rc1 a6 36. Kh1 b5 37. axb5 axb5 38. Rg1 b4 39. Rg6 Qe5 40. Rxh6+ Kg8
41. Rg1 (41. Re6 Rf6 42. Qh7+ Kf8 43. Rg1 Rxe6 44. Qh8+ Kf7 45. dxe6+ Ke7 46.
Rxg7+ Qxg7 47. Qxg7+ Kxe6) 41... Kf7 42. Bg6+ Ke7 43. Bh7 gxh6 44. Qxh6 Rf7 45.
Qh4+ Kd7 46. Bg8 Re7 47. Be6+ Kc7 48. Qf2 Rh8+ 49. Kg2 Qe3 50. Qe1 Rg7+ 51. Bg4
Rxg4+ 52. fxg4 Bc5 0-1

[Event "HET 2003"]
[Site "HET 2003"]
[Date "2003.11.09"]
[Round "5.16"]
[White "Hoffmann, Boris"]
[Black "Marquardt, Rolf"]
[Result "0-1"]
[WhiteElo "1529"]
[BlackElo "1829"]
[PlyCount "130"]
[EventDate "2003.??.??"]

1. d4 Nf6 2. e3 d5 3. Bd3 Bg4 4. Nf3 Nbd7 5. Nbd2 e5 6. dxe5 Nxe5 7. Be2 Ned7
8. Nd4 Bxe2 9. Qxe2 Bc5 10. N2f3 a6 11. a3 O-O 12. O-O Re8 13. Nf5 g6 14. Ng3
Bd6 15. b3 Ne5 16. Bb2 Nxf3+ 17. Qxf3 Be5 18. Bxe5 Rxe5 19. Rfd1 Qe7 20. a4 c6
21. Rd4 Re8 22. Rad1 Kg7 23. Ne2 Ne4 24. Ng3 Ng5 25. Qe2 Ne4 26. Nxe4 Rxe4 27.
Rxe4 Qxe4 28. Qd3 {(=)} 28... Qe6 29. Qd4+ f6 30. Qf4 Re7 31. Qd4 Kf7 32. Qh4
Kg7 33. Qd4 Kf8 34. Qb4 Kf7 35. Qh4 h5 36. Qd4 Qe5 37. h3 Ke6 38. Rd2 Qxd4 39.
Rxd4 c5 40. Rd2 Rd7 41. f3 Rd6 42. Kf2 Ke5 43. e4 dxe4 44. Rxd6 Kxd6 45. fxe4
Ke5 46. Ke3 h4 47. a5 f5 48. exf5 Kxf5 49. Kf3 g5 50. c4 g4+ 51. Ke3 gxh3 52.
gxh3 Ke5 53. Kd3 Kf4 54. Kd2 Kg3 55. Ke3 {(=)} 55... Kxh3 56. Kf3 Kh2 57. Kf2
h3 58. Kf1 Kg3 59. Kg1 Kf3 60. Kh2 Ke3 61. Kxh3 Kd3 62. Kg3 Kc3 63. Kf3 Kxb3
64. Ke3 Kxc4 65. Kd2 Kb3 {(Zeit)} 0-1

[Event "HET 2003"]
[Site "HET 2003"]
[Date "2003.11.09"]
[Round "5.17"]
[White "Tost, Guenther"]
[Black "Klawitter, Bernd"]
[Result "0-1"]
[WhiteElo "1438"]
[BlackElo "1546"]
[PlyCount "76"]
[EventDate "2003.??.??"]

1. d4 Nf6 2. Nf3 d5 3. e3 c6 4. c3 Bf5 5. Be2 e6 6. O-O Nbd7 7. Nbd2 Bd6 8. Nh4
Bg6 9. Nxg6 hxg6 10. f4 Qc7 11. Rf2 O-O-O 12. a4 g5 13. g3 gxf4 14. exf4 g5 15.
Nf1 Ne4 16. Rg2 gxf4 17. g4 Rh3 18. Bf3 Rdh8 19. Qe2 Rxf3 20. Qxf3 Ng5 21. Qd3
Rh3 22. Rg3 Rxg3+ 23. hxg3 Ne4 24. c4 fxg3 25. Kg2 f5 26. c5 Bf4 27. gxf5 exf5
28. Qf3 Bxc1 29. Rxc1 f4 30. Re1 Ndf6 31. b4 Nf2 32. Re6 Qh7 33. Kg1 Nh3+ 34.
Kg2 Ng5 35. Qxf4 Qh3+ 36. Kg1 Qxe6 37. Qxg5 Ne4 38. Nxg3 Nxg5 0-1

[Event "HET 2003"]
[Site "HET 2003"]
[Date "2003.11.09"]
[Round "5.19"]
[White "Benthin, Thomas"]
[Black "Rose, Sven"]
[Result "1-0"]
[WhiteElo "1677"]
[BlackElo "1622"]
[PlyCount "57"]
[EventDate "2003.??.??"]

1. e4 e5 2. Nf3 Nc6 3. d4 d6 4. Bb5 a6 5. Ba4 b5 6. Bb3 f6 7. Nc3 Bg4 8. Be3
Nge7 9. Nd5 Na5 10. Nxe7 Nxb3 11. Nc6 Bxf3 12. gxf3 Qd7 13. Nxe5 fxe5 14. axb3
Qe6 15. d5 Qh3 16. Ke2 Be7 17. Qg1 Rf8 18. Qg4 Qxg4 19. fxg4 Kd7 20. Ra5 Kc8
21. Rha1 Kb7 22. c4 bxc4 23. bxc4 Bh4 24. b4 Rf7 25. R1a2 Raf8 26. Kf1 Rf3 27.
Kg2 g6 28. Rxa6 Bxf2 29. Ra7+ 1-0

[Event "HET 2003"]
[Site "HET 2003"]
[Date "2003.11.15"]
[Round "6.1"]
[White "Gollasch, Theo-Heinz"]
[Black "Meier, David-Geffrey"]
[Result "1-0"]
[WhiteElo "2149"]
[BlackElo "2216"]
[PlyCount "155"]
[EventDate "2003.??.??"]

1. Nf3 Nf6 2. d4 d5 3. c4 e6 4. e3 c5 5. cxd5 exd5 6. Nc3 Nc6 7. Bb5 a6 8.
Bxc6+ bxc6 9. Qa4 Qc7 10. O-O Be7 11. Ne5 Bb7 12. b3 O-O 13. Ba3 Rfe8 14. Rac1
Bd6 15. Nf3 cxd4 16. Bxd6 Qxd6 17. exd4 Ne4 18. Nxe4 dxe4 19. Ne5 Re6 20. Rc4
f6 21. Ng4 Rae8 22. Qa5 Bc8 23. Rfc1 Bd7 24. h3 R6e7 25. Ne3 Rf7 26. d5 cxd5 {
(=)} 27. Qxd5 Qxd5 28. Nxd5 f5 29. Nc7 Re5 30. Nxa6 Ra5 31. Nb4 Re5 32. Rc5 Re8
33. Nc6 Bxc6 34. Rxc6 Rff8 35. b4 Ra8 36. R1c2 Rfb8 37. Rb2 Rb5 38. Rc7 Ra4 39.
Rc4 Kf7 40. Kf1 Ke6 41. Rc6+ Kd5 42. Rc7 Rbxb4 43. Rd2+ Ke6 44. Rxg7 Ra3 45.
Rxh7 Rba4 46. Rh6+ Ke5 47. Rh5 Ke6 48. Rb2 Ra5 49. Rb6+ Kf7 50. Rh7+ Kg8 51.
Rc7 Ra8 52. Rg6+ Kh8 53. Rf6 Rb8 54. Rc2 Ra5 55. Ke2 Kg7 56. Rd6 f4 57. Rc7+
Kg8 58. Rd2 Ra3 59. f3 Re3+ 60. Kf2 Rd3 61. Rdc2 e3+ 62. Ke2 Rbd8 63. Rc8 Kf7
64. Rxd8 Rxd8 65. a4 Kf6 66. a5 Kg5 67. a6 Rd7 68. Ra2 Ra7 69. Ra4 Kf5 70. Ra5+
Kf6 71. Kd3 Re7 72. Ke2 Ra7 73. h4 Kg6 74. g3 fxg3 75. Kxe3 Re7+ 76. Kf4 g2 77.
Rg5+ Kh6 78. Rxg2 1-0

[Event "HET 2003"]
[Site "HET 2003"]
[Date "2003.11.15"]
[Round "6.3"]
[White "Klarner, William R"]
[Black "Urban, Ralf-Dieter"]
[Result "1/2-1/2"]
[WhiteElo "2144"]
[BlackElo "1992"]
[PlyCount "88"]
[EventDate "2003.??.??"]

1. d4 Nf6 2. Nf3 g6 3. c4 Bg7 4. Nc3 d5 5. Bg5 Ne4 6. Bh4 c5 7. cxd5 Qa5 8. e3
Nxc3 9. Qd2 cxd4 10. exd4 O-O 11. bxc3 Qxd5 12. Be2 Nc6 13. O-O Bf5 14. Rac1 e6
15. Qb2 Rac8 16. Rfe1 a6 17. h3 h5 18. Nd2 e5 19. Bf3 Qd7 20. Bxc6 Rxc6 21.
dxe5 Re8 22. Nf3 Bxh3 23. gxh3 Qxh3 24. Bg3 h4 25. Qxb7 Ree6 26. Qxf7+ Kxf7 27.
Ng5+ Ke7 28. Nxh3 hxg3 29. f4 Rc4 30. Kg2 Rec6 31. Re3 Rb6 32. Rc2 Rb1 33. Rxg3
Rb6 34. Rd3 g5 35. Rd4 Rbc6 36. Rcd2 gxf4 37. Rd7+ Kf8 38. Rd8+ Kf7 39. R2d7+
Kg6 40. Rg8 f3+ 41. Kg3 Kf5 42. Rdxg7 Kxe5 43. Rg4 Rxg4+ 44. Rxg4 Rxc3 1/2-1/2

[Event "HET 2003"]
[Site "HET 2003"]
[Date "2003.11.15"]
[Round "6.4"]
[White "Schroeder, Gerhard"]
[Black "Parindra, Amran Mojo Pahit"]
[Result "0-1"]
[WhiteElo "2036"]
[BlackElo "1995"]
[PlyCount "108"]
[EventDate "2003.??.??"]

1. e4 e5 2. Nf3 Nc6 3. Bb5 Nge7 4. O-O a6 5. Ba4 Ng6 6. d4 exd4 7. Nxd4 Nxd4 8.
Qxd4 c5 9. Qd5 Qc7 10. c4 Bd6 11. g3 Be5 12. Nc3 O-O 13. Be3 d6 14. Qd2 Bxc3
15. Qxc3 Bh3 16. Rfe1 Rab8 17. Bc2 Qc6 18. Rad1 f5 19. f3 Rbe8 20. Bf2 Ne5 21.
Rd5 fxe4 22. Bxe4 Qc7 23. Rdd1 b5 24. cxb5 axb5 25. Qb3+ Kh8 26. Qxb5 h6 27. f4
Rb8 28. Qa4 Rxb2 29. Rb1 Rxb1 30. Rxb1 Ng4 31. Rb7 Qd8 32. Qa7 Rg8 33. Qb6 d5
34. Bc2 Qxb6 35. Rxb6 Nxf2 36. Kxf2 Rd8 37. Rc6 c4 38. a4 Bg4 39. a5 d4 40.
Rxc4 d3 41. h3 Be6 42. Rc5 dxc2 43. Rxc2 Bxh3 44. Ke3 Bf5 45. Rc3 Kh7 46. Ra3
Rd7 47. Ke2 Kg6 48. Ke3 Kh5 49. Ra1 Kg4 50. Kf2 Rd2+ 51. Ke3 Rd3+ 52. Kf2 Rf3+
53. Ke2 Bd3+ 54. Kd2 Ba6 0-1

[Event "HET 2003"]
[Site "HET 2003"]
[Date "2003.11.15"]
[Round "6.5"]
[White "Homm, Marc-Michael"]
[Black "Schirmer, Werner"]
[Result "0-1"]
[WhiteElo "1912"]
[BlackElo "2031"]
[PlyCount "76"]
[EventDate "2003.??.??"]

1. d4 Nf6 2. c4 g6 3. Nc3 Bg7 4. g3 d6 5. Bg2 O-O 6. Nf3 Nc6 7. e4 a6 8. d5 Na5
9. Qd3 c5 10. Rb1 b5 11. Nd2 Nxc4 12. Nxc4 bxc4 13. Qxc4 a5 14. Qa4 Ba6 15. Bf1
Qb6 16. Bxa6 Qxa6 17. Qc2 Rfb8 18. Qe2 Rb4 19. Qxa6 Rxa6 20. f3 Rab6 21. Kd1
Ng4 22. Kc2 Ne5 23. Rf1 c4 24. Be3 Rb8 25. Bd4 Nd3 26. Bxg7 Rxb2+ 27. Rxb2
Rxb2+ 28. Kd1 Kxg7 29. h4 Nb4 30. a3 Nd3 31. a4 Rb3 32. Kd2 Rb2+ 33. Ke3 Nc5
34. Kd4 Rb4 35. g4 h6 36. f4 f6 37. e5 Nb3+ 38. Ke4 Nd2+ 0-1

[Event "HET 2003"]
[Site "HET 2003"]
[Date "2003.11.15"]
[Round "6.6"]
[White "Maahs, Erich"]
[Black "Holzweissig, Hans-Joachim"]
[Result "1-0"]
[WhiteElo "2187"]
[BlackElo "1773"]
[PlyCount "76"]
[EventDate "2003.??.??"]

1. e4 g6 2. d4 Bg7 3. Nc3 c6 4. Be3 d6 5. Qd2 Nd7 6. f3 b5 7. g4 a6 8. h4 h5 9.
gxh5 Rxh5 10. O-O-O c5 11. Nd5 cxd4 12. Bxd4 Bxd4 13. Qxd4 Ngf6 14. Nxf6+ Nxf6
15. Ne2 Qc7 16. Ng3 Rh7 17. Bd3 Be6 18. Kb1 Rc8 19. Rd2 Qc5 20. c3 Nd7 21. f4
Nb6 22. h5 Qxd4 23. cxd4 gxh5 24. Nxh5 Kf8 25. Rg2 Nc4 26. f5 Bd7 27. Rhg1 Rh8
28. b3 Nd2+ 29. Rxd2 Rxh5 30. Rdg2 Rh8 31. Kb2 f6 32. a4 bxa4 33. Bxa6 Rb8 34.
Bc4 e6 35. fxe6 Bb5 36. Bd5 Be8 37. Rg7 Bh5 38. e7+ Ke8 1-0

[Event "HET 2003"]
[Site "HET 2003"]
[Date "2003.11.15"]
[Round "6.7"]
[White "Raedisch, Peter"]
[Black "Bohn, Christoph"]
[Result "1/2-1/2"]
[WhiteElo "1708"]
[BlackElo "1947"]
[PlyCount "128"]
[EventDate "2003.??.??"]

1. e4 e5 2. Nf3 Nc6 3. Bc4 Bc5 4. c3 Bb6 5. d4 exd4 6. cxd4 Nge7 7. Bg5 f6 8.
Be3 d5 9. exd5 Nxd5 10. a3 Be6 11. Bb5 O-O 12. Bxc6 bxc6 13. O-O Qd7 14. Nbd2
Rae8 15. Rc1 Bg4 16. Qb3 Kh8 17. h3 Bh5 18. Nh2 Bf7 19. Qd3 Bg6 20. Qb3 Rb8 21.
Qa4 Bd3 22. Rfe1 Rfe8 23. Qxc6 Qxc6 24. Rxc6 Bxd4 25. Ndf1 a6 26. Rd1 Bb5 27.
Rcc1 Bxb2 28. Rc5 Nxe3 29. Nxe3 c6 30. Nc4 Be5 31. Nf3 Bf4 32. g3 Bc7 33. Rd7
Bxc4 34. Rxc4 Rb1+ 35. Kg2 Be5 36. Rxc6 h6 37. Rxa6 Rb2 38. Raa7 Bb8 39. Ra8
Kh7 40. Rd2 Rxd2 41. Nxd2 Kg6 42. a4 Kf7 43. a5 Bc7 44. Ra7 Re7 45. Nc4 Ke6 46.
Rb7 Kd7 47. a6 Re8 48. Kf3 Kc6 49. Rb2 Ra8 50. Ra2 Kb5 51. Ne3 h5 52. h4 Rxa6
53. Rxa6 Kxa6 54. Ke4 g6 55. Kd5 Kb5 56. Ke6 Be5 57. Nd5 Bd4 58. f4 Kc4 59.
Nxf6 Bf2 60. Ne4 Be1 61. Kf6 Kd4 62. Kxg6 Kxe4 63. f5 Bxg3 64. f6 Bxh4 1/2-1/2

[Event "HET 2003"]
[Site "HET 2003"]
[Date "2003.11.15"]
[Round "6.8"]
[White "Ristic, Sreten"]
[Black "Engin, Atay"]
[Result "0-1"]
[WhiteElo "1936"]
[BlackElo "1702"]
[PlyCount "149"]
[EventDate "2003.??.??"]

1. e4 c5 2. Nf3 Nc6 3. Nc3 d6 4. b3 e5 5. Bc4 a6 6. Bb2 Na5 7. Bd5 Nf6 8. Qe2
Nxd5 9. Nxd5 b5 10. Ne3 Bb7 11. d3 Nc6 12. O-O Ne7 13. a4 Ng6 14. g3 h5 15. h4
Qd7 16. Kg2 Ne7 17. axb5 a5 18. c4 f5 19. Nd5 Nxd5 20. exd5 Be7 21. Bc3 f4 22.
Qe4 Qg4 23. Nh2 Qd7 24. Qg6+ Kf8 25. gxf4 Bxh4 26. fxe5 dxe5 27. f4 e4 28. Qxe4
Re8 29. Qf3 Bf6 30. Be5 Rh6 31. Qe3 Kg8 32. Qxc5 Bxe5 33. fxe5 Rxe5 34. Ra2
Rg6+ 35. Kh1 Qh3 36. Qf8+ Kh7 37. Qf3 Rg3 38. Qf7 Bc8 39. Qc7 Reg5 40. Qf4 Rg2
41. Raf2 Rf5 42. Rxg2 Rxf4 43. Rxf4 Qxd3 44. Rf3 Qd1+ 45. Rg1 Qe2 46. Rgg3 Qe1+
47. Kg2 h4 48. Rf2 hxg3 49. Kxg3 Qg1+ 50. Kf3 Qd1+ 51. Ke3 Qxb3+ 52. Kd4 a4 53.
Nf3 Qd1+ 54. Kc5 a3 55. b6 Qb1 56. Rh2+ Kg8 57. Re2 Bb7 58. Re8+ Kf7 59. Rb8
Bxd5 60. Kxd5 a2 61. Ne5+ Kf6 62. b7 Kg5 63. c5 a1=Q 64. Nf7+ Kf6 65. Nd6 Qe5+
66. Kc6 Qh1+ 67. Kb6 Kg6 68. Rc8 Qb1+ 69. Kc6 {(=)} 69... Qh1+ 70. Kb6 Qb2+ 71.
Kc7 Qd5 72. c6 Qbe5 73. b8=Q Qexd6+ 74. Kb7 Qb5+ 75. Ka8 0-1